Taylor Swift - loml Lyrics - Statistics

General Stats
  • This quiz has been taken 425 times
  • The average score is 305 of 368
Answer Stats
Answer % Correct
a
99%
A
99%
I
98%
"I
98%
the
98%
The
98%
of
97%
we
97%
We
97%
"we
97%
you
97%
You
97%
you?
97%
and
96%
And
96%
go
96%
in
96%
In
96%
it
96%
It
96%
love
96%
your
96%
Your
96%
life
95%
time
95%
time"
95%
was
95%
be
94%
me
94%
on
94%
said
94%
from
93%
to
93%
get
92%
I'm
92%
legendary
92%
Never
92%
never
92%
"Never
92%
all
91%
All
91%
were
91%
know
90%
don't
89%
gonna
89%
he
89%
it's
89%
momentary
89%
then
89%
If
88%
just
88%
What
88%
what
88%
buried
87%
mind
87%
mind"
87%
my
87%
Who's
87%
getting
86%
married
86%
one
86%
this
86%
at
85%
had
85%
like
85%
us
85%
could
84%
kids
84%
kiss
84%
Still
84%
still
84%
before
83%
How
83%
into
83%
loss
83%
stop
83%
takes
83%
anyway?
82%
back
82%
flames
82%
out
82%
quite
82%
since
82%
almost
81%
table
81%
thought
81%
under
81%
You're
81%
babe"
80%
can't
80%
felt
80%
Are
79%
let
79%
stay
79%
steps
79%
talked
79%
Talkin'
79%
talkin'
79%
That
79%
told
79%
un-recall
79%
wish
79%
glimpse
78%
rings
78%
shit
78%
Should've
78%
than
78%
they
78%
better
77%
die
77%
for
77%
"I'll
77%
I'll
77%
Oh
77%
'Cause
76%
cemetery
76%
hand
76%
nick
76%
second
76%
unnecessary
76%
alive
75%
ever
75%
starry
75%
times
75%
bed
74%
Dancing
74%
eyed
74%
killing
74%
million
74%
safe
74%
tie
74%
waltzing
74%
when
74%
When
74%
something
73%
About
72%
cradles
72%
dead?
72%
goodbye
72%
rekindled
72%
suit
72%
up
72%
roar
71%
too
71%
down
70%
Ghost
69%
lion
69%
until
69%
away
68%
coward
68%
phantoms
68%
see
68%
stand
68%
tell
68%
aglow
67%
boy
67%
guy
66%
bland
65%
claimed
65%
Holy
65%
leave"
65%
embarrassed
64%
her
64%
terrace
64%
eyes
63%
Girl
63%
memories
63%
once
63%
low
62%
Stitching
62%
turned
62%
Steal
60%
valiant
60%
black
59%
make
59%
quick
59%
white
59%
But
58%
cry
58%
hole
58%
lies
58%
dreams
57%
heaven
57%
hell
57%
ink
57%
with
57%
bleeds
56%
Mr.
56%
Our
56%
reformed
56%
scheme
56%
those
56%
took
56%
truth
56%
fakes
55%
through
55%
counterfeit's
54%
embroidered
54%
dynamite
53%
fire
53%
fool
53%
I've
53%
match
53%
field
52%
plot
52%
braids
51%
cinephile
51%
fate
51%
paintings
51%
twists
51%
combing
50%
man
50%
winds
50%
somber
49%
Well
49%
arson's
48%
blew
48%
con
48%
impressionist
48%
sells
48%
engulfed
44%
No matching quizzes found
Score Distribution
Percent of People with Each Score
Percentile by Number Answered
Your Score History
You have not taken this quiz